MARC

LEADER 00000nam0a2200000 4500
001 23790
005 20231101205555.0
010 |a 581140283X 
035 |a (RuTPU)RU\TPU\book\24015 
035 |a BOOK00024088 
090 |a 23790 
100 |a 20011209d2000 km y0rusy50 ca 
101 0 |a rus 
102 |a RU 
105 |a y e 000zy 
200 1 |a Философия права  |e Краткий словарь  |f В. А. Бачинин, В. П. Сальников  |g Санкт-Петербургский университет МВД России ; Академия права, экономики и безопасности жизнедеятельности 
210 |a СПб.  |c Лань  |d 2000 
215 |a 400 с. 
225 1 |a Мир культуры, истории и философии 
300 |a На пер. авт. не указаны. 
606 1 |a Государство и право  |x Теория  |2 stltpush  |3 (RuTPU)RU\TPU\subj\8388  |9 35806 
610 1 |a право 
610 1 |a философия 
610 1 |a словари 
686 |a Х0я73  |v LBC/SL-A  |2 rubbk 
700 1 |a Бачинин  |b В. А.  |g Владислав Аркадьевич 
701 1 |a Сальников  |b В. П.  |g Виктор Петрович 
712 0 2 |a Санкт-Петербургский университет МВД России  |2 stltpush  |3 (RuTPU)RU\TPU\col\13563  |9 25705 
712 0 2 |a Академия права, экономики и безопасности жизнедеятельности  |2 stltpush  |3 (RuTPU)RU\TPU\col\1786  |9 23600 
801 0 |a RU  |b 63413507  |c 20011209  |g PSBO 
801 2 |a RU  |b 63413507  |c 20230314  |g PSBO 
900 |a Право 
942 |c BK